Prison based informal learning through speed literacy program and its impact on their psychological outcomes (Record no. 332386)
[ view plain ]
| 000 -LEADER | |
|---|---|
| fixed length control field | 00571nam a2200145 4500 |
| 082 ## - DEWEY DECIMAL CLASSIFICATION NUMBER | |
| Classification number | MSITE-02 NAB |
| 100 ## - MAIN ENTRY--PERSONAL NAME | |
| Personal name | Nabia Mansoor |
| 245 ## - TITLE STATEMENT | |
| Title | Prison based informal learning through speed literacy program and its impact on their psychological outcomes |
| 260 ## - PUBLICATION, DISTRIBUTION, ETC. | |
| Place of publication, distribution, etc. | Islamabad |
| Name of publisher, distributor, etc. | NUST-SEECS |
| Date of publication, distribution, etc. | 2017 |
| 300 ## - PHYSICAL DESCRIPTION | |
| Extent | 100p. |
| Accompanying material | CD Includes |
| 856 ## - Uniform Resource Identifier | |
| Uniform Resource Identifier | <a href="http://10.250.8.41:8080/xmlui/handle/123456789/21511">http://10.250.8.41:8080/xmlui/handle/123456789/21511</a> |
| 942 ## - ADDED ENTRY ELEMENTS (KOHA) | |
| Source of classification or shelving scheme | |
| Koha item type | Thesis |
| Withdrawn status | Lost status | Source of classification or shelving scheme | Damaged status | Not for loan | Collection code | Permanent Location | Current Location | Shelving location | Date acquired | Source of acquisition | Total Checkouts | Full call number | Barcode | Date last seen | Price effective from | Koha item type | Non-public note |
|---|---|---|---|---|---|---|---|---|---|---|---|---|---|---|---|---|---|
| Central Library (CL) | Central Library (CL) | General Stacks | 12/03/2017 | NUST-SEECS | MSITE-02 NAB | SEECSP02178 | 12/03/2017 | 12/03/2017 | Project Report | ||||||||
| Central Library (CL) | Central Library (CL) | Thesis | 09/17/2019 | 371.33 | CL-T-3999 | 09/17/2019 | 09/17/2019 | Thesis | Minute Sheet No. 0929/02/CL/Survey/5 dated 23rd April 2024 E-MIN ID 114741 |
